[Event "Kazakhstan Cup Women 2020"]
[Site "Almaty"]
[Date "2020.12.14"]
[Round "5.1"]
[White "Nurmanova, Alua"]
[Black "Abdumalik, Zhansaya"]
[Result "0-1"]
[WhiteElo "2026"]
[BlackElo "2478"]
[Annotator "TA"]
[PlyCount "158"]
[EventDate "2020.12.01"]
[EventType "tourn"]
[EventCountry "KAZ"]
[SourceTitle "playchess.com"]
[Source "ChessBase"]
[SourceQuality "1"]

{[%evp 19,158,28,22,0,0,0,13,0,0,-10,-10,-12,-3,-49,-1,-1,0,0,0,0,0,0,0,-6,0,-22,-13,-13,-16,-16,-16,-22,-14,-6,-14,-10,32,-7,-23,-102,-105,-114,-98,-91,-72,-236,-249,-192,-11,-382,0,-48,-66,-274,-94,-130,-41,-73,0,-20,-18,-102,-95,-99,-92,-116,-100,-93,-57,-78,-83,-81,-52,-60,-58,-43,-34,-80,0,-5,0,0,0,-10,0,0,304,0,0,0,0,0,37,0,0,-66,-14,-156,0,-36,-45,-43,0,-154,-36,-325,-316,-288,-307,-280,-122,-131,-85,-86,-93,-322,-318,-622,-618,-605,-586,-641,-607,-586,-374,-586,-579,-29974,-29975,-29971,-29968,-29988,-29989,-29995,-29989,-29989,-29988,-29988,-29989,-29989,-29990]} 1. e4 e5 2. Nf3 Nc6 3. Bc4 Nf6 4. d3 h6 5. O-O d6 6. c3 g6 7. Nbd2 Bg7 8. Re1 O-O 9. Bb3 Na5 {9...Re8 deserves study.} 10. Bc2 c5 11. Nf1 {C55: Two Knights: 4 d3, 4 d4 exd4 5 e5 and Max Lange Attack.} Nc6 12. h3 d5 13. exd5 {The position is equal.} Nxd5 14. Ne3 {[#]} Nxe3 $146 ({Predecessor:} 14... Nf4 15. Nc4 Qc7 16. Be3 b6 17. Qd2 Bf5 18. Rac1 Nxd3 19. Bxd3 Rad8 20. Bxh6 Rxd3 {0-1 (30) Testova,V (1765)-Zhurikhin,A (2150) Dimitrovgrad 2009}) 15. Bxe3 b6 16. Nd2 Bb7 17. Nc4 Qd5 18. f3 Rad8 19. Qe2 Kh7 20. a4 Rfe8 {next ...Nd4! is good for Black.} 21. a5 b5 {Hoping for ...Nd4.} 22. a6 Bc8 {Strongly threatening ...Nd4.} 23. Na5 Nd4 24. Qf2 (24. cxd4 $2 exd4 25. Bb3 Qd7 $19) 24... Nxc2 25. Qxc2 Bf8 26. c4 bxc4 27. dxc4 Qa8 28. Nb3 Qc6 29. Ra5 (29. Qf2 $11) 29... e4 $1 $17 30. fxe4 Rxe4 31. Qf2 Kg8 32. Rf1 $2 (32. Nxc5 $17 {keeps fighting.} Rxc4 33. Nb7) 32... Qe8 $1 $19 33. Bxc5 Re2 $2 (33... Bxc5 $19 34. Qxc5 Be6) 34. Qf3 $2 {[%mdl 8192]} (34. Qf4 $1 $11) 34... Rxb2 $2 ({Black should try} 34... Bxc5+ $19 35. Rxc5 Re3) 35. Bxf8 (35. Bxa7 $5 {[%cal Ra7d4]} Bf5 36. Rxf5 gxf5 37. Bb6 $11) 35... Qxf8 36. Raa1 $2 (36. Rc1 $15) 36... Be6 $2 (36... Bf5 $1 $19 37. Rf2 Rd3 38. Qxd3 Bxd3 39. Rxb2 Qb4) 37. Rad1 Rb8 (37... Rxd1 $17 38. Rxd1 Bxc4 {[%mdl 64] Double Attack}) 38. Nd2 $1 $15 Qc8 ({Better is} 38... Ra2 $17 39. Kh1 Rxa6) 39. Qc3 Bf5 40. Kh1 (40. Qe3 $11 {remains equal.}) 40... Qxa6 $17 41. Qe3 Kh7 42. Qd4 {White wants to play Ne4.} Qb7 43. Kg1 Qb6 44. c5 Qc7 45. Nc4 Re2 46. Rde1 Rxe1 47. Rxe1 Rc8 48. Re5 Be6 (48... f6 $1 $17 {[%cal Rf6e5]} 49. Re2 Qxc5 50. Qxc5 Rxc5 51. Re7+ Kg8) 49. Nd6 $11 Rd8 50. Kh2 Qe7 51. Re3 h5 52. Qe5 Qh4 $2 {[%mdl 8192]} (52... Qc7 $11) 53. Re4 $2 (53. Rf3 $18 Rf8 54. Ne4) 53... Qe7 $1 54. Rf4 Qc7 $1 55. Qg5 f5 56. Rb4 {[%mdl 1024] White has compensation.} Bd5 (56... Qxc5 57. Rb7+ (57. Qxd8 Qe5+ 58. Kh1 Qe1+ 59. Kh2 Qe5+ 60. Kh1 Qe1+ 61. Kh2 Qe5+ $11) (57. Qe7+ Bf7 $11) 57... Rd7 58. Rxd7+ Bxd7 59. Qe7+ Kg8 60. Qd8+ (60. Qxd7 Qe5+ 61. Kh1 Qe1+ 62. Kh2 Qe5+ 63. g3 Qe2+ 64. Kh1 Qe1+ 65. Kh2 Qf2+ 66. Kh1 Qe1+ 67. Kh2 Qf2+ 68. Kh1 Qe1+ $11) 60... Kg7 61. Qe7+ (61. Qxd7+ Kf6 $18) 61... Kg8 62. Qd8+ (62. Qxd7 Qe5+ 63. g3 Qe2+ 64. Kg1 Qe1+ 65. Kh2 Qf2+ 66. Kh1 Qe1+ 67. Kh2 Qf2+ 68. Kh1 Qe1+ 69. Kh2 $11) 62... Kg7 63. Qxd7+ Kf6 64. Ne8+ Ke5 65. Qg7+ Ke4 66. Qb7+ (66. Qxg6 Qe5+ 67. Qg3 Qxg3+ 68. Kxg3 a5 $14) 66... Kd4 67. Qb2+ Ke3 68. Qb3+ Kd2 69. Qb2+ Ke3 70. Qb3+ Kd2 71. Qb2+ Ke3 $16) 57. h4 (57. Rd4 $11 Bc6 58. g3) 57... Rd7 (57... Re8 $15 58. Qd2 Re5) 58. Qe3 (58. Rf4 $11 Bf7 59. Qf6) 58... a5 $2 ({Black should play} 58... Re7 $17 59. Qf2 Re6) 59. Rb2 Re7 60. Qd4 Be4 61. Kh3 $2 {Cut Off at move 61} (61. Qf6 $11) 61... a4 (61... Bc6 $17 62. Qf6 Re1) 62. Qf6 $2 {[%mdl 8192]} (62. Rb6 $1 $15) 62... Bd5 $1 $19 63. Rd2 Re3+ 64. Kh2 {[#]} Bb3 ({Worse is} 64... Qxc5 {[#]} 65. Rxd5 $1 {[%mdl 512]} Qxd5 66. Nf7 $11) (64... Bc6 $1 $19 {is more deadly. White must now prevent ...a3.} 65. Qd4 Re4) 65. Qd4 $17 Qe7 {Threatens to win with ...a3.} 66. c6 Re6 $40 {[%mdl 128] aiming for ...a3. Black attacks with force.} 67. Nb5 $2 (67. Qf4 $17 Qc7 68. g3) 67... Rxc6 $19 68. g3 $2 (68. Qd7 Qxd7 69. Rxd7+ Kg8 70. Nd4) 68... Rc2 69. Rxc2 Bxc2 70. Qd2 Bb3 71. Nd4 Qb7 72. Qc3 (72. Qa5 $142) 72... Bd5 73. Qa3 Qa7 {Black mates.} 74. Qa1 a3 {[%cal Ba4a3,Ba3a2][%mdl 32]} 75. Kh3 a2 76. Ne2 Bc4 77. Nd4 Qb7 78. Qe1 Bf1+ {[%mdl 64] Promotion} 79. Qxf1 Qb1 {Weighted Error Value: White=0.45/Black=0.42} 0-1

[Event "Kazakhstan Cup Women 2020"]
[Site "Almaty"]
[Date "2020.12.14"]
[Round "5.2"]
[White "Kamalidenova, Meruert"]
[Black "Nakhbayeva, Guliskhan"]
[Result "1/2-1/2"]
[WhiteElo "2231"]
[BlackElo "2328"]
[Annotator "TA"]
[PlyCount "156"]
[EventDate "2020.12.01"]
[EventType "tourn"]
[EventCountry "KAZ"]
[SourceTitle "playchess.com"]
[Source "ChessBase"]
[SourceQuality "1"]

{[%evp 16,156,-12,0,43,-13,56,59,163,152,141,133,233,233,233,236,238,232,238,241,239,234,264,202,365,170,171,154,171,159,126,115,117,124,116,106,312,308,316,311,388,361,685,710,669,666,658,668,945,1066,1058,1025,2680,845,763,749,1659,470,905,230,12841,695,588,164,145,158,157,142,130,126,166,171,174,78,91,44,56,0,0,0,0,0,0,0,0,0,81,0,0,-11,0,0,0,0,0,0,220,0,0,0,0,0,0,0,0,0,0,0,0,-12,-11,-11,-11,-79,0,0,0,0,0,0,0,0,0,0,0,0,0,0,0,0,0,0,0,0,0,0,0,0,0,0,0,0,12851]} 1. e4 e6 2. d4 d5 3. Nc3 Bb4 4. e5 c5 5. a3 Bxc3+ 6. bxc3 Ne7 7. h4 Nbc6 8. h5 Qa5 9. Bd2 Qa4 {C18: French: 3 Nc3 Bb4: Main line: 7 h4 and 7 Qg4.} 10. Nf3 $1 {10.Nf3 scores better than 10.h6.} (10. h6 $14) 10... Bd7 (10... h6 $11) 11. h6 $14 g6 ({Better is} 11... Rg8 $14) 12. Rb1 $1 $18 {[#]} cxd4 $146 ({Predecessor:} 12... Na5 13. Bg5 Nc4 14. Bf6 Rg8 15. dxc5 Nxa3 16. Rh4 Qa5 17. Rb3 Nf5 18. Rhb4 Bc6 19. g4 Nxh6 20. Qc1 Nxg4 {1-0 (20) Wolferink,F (2136)-Westerweele,M (1950) Vlissingen 2008}) 13. Bb5 $1 {[%cal Rb5a4]} (13. Rxb7 $6 dxc3 14. Bg5 (14. Bxc3 Qxa3 15. Qd2 Qa2 $11) 14... Bc8 $14) 13... Qa5 (13... Qxa3 $16 14. cxd4 a6) 14. cxd4 Qc7 15. O-O a6 16. Bd3 Nf5 17. c3 Na5 18. Nh2 Nc4 19. Ng4 Nxa3 $2 (19... O-O-O {might work better.} 20. Bg5 Rdf8) 20. Nf6+ (20. Bg5 $142 Ne7 21. Ra1) 20... Kd8 21. Ra1 {[%mdl 1024] White has strong compensation.} Nc4 22. Bg5 Kc8 23. Qb3 $36 {[%mdl 2048] White is really pushing.} b5 24. Rfb1 Bc6 25. Qb4 Kb7 $2 (25... Ra7 $16) 26. Bxc4 dxc4 27. Qxc4 Ne7 28. Qb3 Nc8 $2 (28... Ra7 29. c4 Ka8) 29. c4 Nb6 30. d5 exd5 31. cxd5 Nxd5 32. Nxd5 Qxe5 33. Nb4 Qxg5 34. Qxf7+ (34. Nxc6 $142 Kxc6 35. Qxf7) 34... Kb6 35. Nxc6 {White wants to mate with Na5.} Rhf8 {[#]} 36. Qe6 (36. Rxa6+ $142 $1 {[%mdl 512]} Rxa6 37. Qxf8 Kxc6 38. Qc8+ {[%mdl 64] Double Attack} Kb6 39. Re1) 36... Rf6 (36... Qf6 $142 37. Qxf6 Rxf6) 37. Qe5 $2 (37. Qe7 {Intending Ne5 and mate.} Qf4 38. Qe2 Qxf2+ 39. Qxf2+ Rxf2 40. Kxf2 Kxc6 41. Rd1) 37... Rf5 $2 {[#]} (37... Qxe5 38. Nxe5 Rd8) 38. Qe4 (38. Rxa6+ $142 $3 {[%mdl 512]} Rxa6 39. Rxb5+ (39. Qd6 Rd5 $11) 39... Kxc6 40. Rc5+ Kd7 41. Rd5+ Rd6 42. Qxd6+ Ke8 43. Qb8+ Kf7 44. Rd7+ Qe7 45. Rxe7+ Kxe7 46. Qc7+ Kf6 47. Qxh7) 38... Qd2 39. Qd4+ $2 (39. Rf1 Qf4 40. Qe2 (40. Qe6 Rf6 $18)) 39... Qxd4 40. Nxd4 Rd5 41. Nc2 a5 42. Ne3 Rc5 43. Rd1 b4 44. Kf1 (44. Rd6+ $18 Kc7 45. Rad1) 44... a4 $16 45. Ke2 {Rd6+ is the strong threat.} b3 46. Rdb1 (46. Rab1 $14) 46... Ra6 $11 47. Ra2 Kb5 48. Rd2 $1 {[%cal Rd2d7]} g5 49. Rd8 Rxh6 50. Kd3 Rb6 (50... Rhc6 $1 $11) 51. Rd4 (51. Nd1 $1 $16 {[%cal Rd1c3] Black must now prevent Nc3+.} Kc6 52. Rc8+ Kd6 53. Ra8) 51... Rbc6 $1 52. Nd5 Rc2 (52... Rd6 $5 53. Nc7+ $8 {[%mdl 64] Discovered Attack} (53. Nc3+ $2 Rxc3+ 54. Kxc3 Rxd4 $19) 53... Kc6 $11) 53. f3 Ka5 54. Ra1 Ra2 55. Rb1 {Strongly threatening Nb4.} Rcc2 $2 {[#]} ({Don't blunder} 55... Rxg2 $2 56. Nc3 $18) (55... Rac2 $1 $11 {and Black is okay.}) 56. Nc3 $2 (56. Rd1 $1 $18) 56... Rd2+ 57. Kc4 Rxd4+ 58. Kxd4 {[%mdl 4096] Endgame KRN-KR} Rd2+ 59. Kc4 {Hoping for Ra1.} b2 60. g4 Rc2 61. Kd3 {Cut Off at move 61} Rf2 62. Kc4 a3 63. Kb3 Rxf3 64. Rh1 {[#]} (64. Kxa3 $11 {remains equal.} Rxc3+ 65. Kxb2) 64... Kb6 (64... h6 $1 $17 {[%mdl 512]}) 65. Kxa3 {The position is equal.} Rxc3+ 66. Kxb2 {KR-KR} Rc4 67. Rxh7 Kc6 68. Rg7 Rxg4 69. Kc3 Kd5 70. Kd3 Rg3+ 71. Ke2 Ke4 72. Ra7 Rb3 73. Ra4+ Kf5 74. Kf2 g4 75. Ra8 Rb2+ 76. Kg3 Rb3+ 77. Kg2 Rb2+ 78. Kg3 Rg2+ $2 {[%mdl 40960] Weighted Error Value: White=0.63/Black=0.38. An unexpected result.} (78... Rb4 $11) 1/2-1/2

[Event "Kazakhstan Cup Women 2020"]
[Site "Almaty"]
[Date "2020.12.14"]
[Round "5.3"]
[White "Kairbekova, Amina"]
[Black "Abdildayeva, Laura"]
[Result "1-0"]
[WhiteElo "2065"]
[BlackElo "1845"]
[Annotator "TA"]
[PlyCount "51"]
[EventDate "2020.12.01"]
[EventType "tourn"]
[EventCountry "KAZ"]
[SourceTitle "playchess.com"]
[Source "ChessBase"]
[SourceQuality "1"]

{[%evp 23,51,80,93,93,144,15,172,153,195,200,263,166,187,165,265,280,392,359,358,166,165,178,270,264,285,294,283,269,245,231]} 1. e4 {Dolmatov,S} e6 2. d4 d5 3. Nc3 Bb4 4. e5 c5 5. a3 Ba5 6. b4 {[%cal Bb2b4,Bb4a5,Ba5a6,Ba6b7][%mdl 32]} cxd4 7. Qg4 Ne7 8. bxa5 dxc3 9. Qxg7 Rg8 10. Qxh7 Nbc6 11. Nf3 $1 {11.Nf3 is better than 11.f4. 11.f4 is not played anymore.} Qc7 12. Bf4 Bd7 {[#]} 13. a6 $1 {C18: French: 3 Nc3 Bb4: Main line: 7 h4 and 7 Qg4.} O-O-O (13... b6 $142) 14. Bd3 {[#]} ({Don't blunder} 14. Qxf7 $2 Rdf8 $19) (14. Qd3 $16) 14... d4 $146 {This costs Black the game.} (14... f5 $1 $11) ({Predecessor:} 14... f5 15. exf6 Qxf4 16. fxe7 Rde8 17. Bg6 Ne5 18. Bxe8 Rxg2 19. Bxd7+ Kc7 20. e8=N+ Kb8 21. Kf1 Rxf2+ 22. Kxf2 Qxf3+ 23. Kg1 Qe3+ 24. Kf1 Qf4+ 25. Kg2 Qf3+ {½-½ (25) Dolmatov,S (2615)-Ivanov,S (2545) Kazan 1995 CBM 051 [Dolmatov,S]}) 15. axb7+ $18 Kb8 16. Bg3 ({Not} 16. Qxf7 $2 Rdf8 $19) 16... Ng6 17. Bxg6 fxg6 18. O-O {Rfd1 is the strong threat.} g5 (18... d3 $142 19. cxd3 Rh8 20. Qxg6 Ne7) 19. Rfd1 Qb6 20. Rab1 Qc5 21. Qe4 (21. h4 $142) 21... Be8 {[#] With the idea ...Bg6.} 22. Qg4 $1 {[%cal Rg4e6]} Qc4 (22... Bf7 {was called for.}) 23. Nxg5 Bg6 24. Qxe6 Qxe6 25. Nxe6 Bxc2 26. Nxd8 {Weighted Error Value: White=0.28/Black=0.49} 1-0

[Event "Kazakhstan Cup Women 2020"]
[Site "Almaty"]
[Date "2020.12.14"]
[Round "5.4"]
[White "Serikbay, Assel"]
[Black "Kurmangaliyeva, Liya"]
[Result "0-1"]
[WhiteElo "2247"]
[BlackElo "1974"]
[Annotator "TA"]
[PlyCount "114"]
[EventDate "2020.12.01"]
[EventType "tourn"]
[EventCountry "KAZ"]
[SourceTitle "playchess.com"]
[Source "ChessBase"]
[SourceQuality "1"]

{[%evp 15,114,31,37,41,32,42,43,16,26,31,28,23,21,20,23,10,31,-13,-8,-8,-14,-12,-14,-37,-13,-28,0,-77,-23,-37,-17,-87,-80,-168,-168,-236,-141,-129,-93,-86,-77,-67,-87,-78,-50,-60,-63,-87,-68,-40,-50,-145,-155,-352,-330,-492,-478,-628,-561,-562,-555,-493,-325,-320,-301,-360,-313,-355,-282,-273,-237,-252,-242,-245,-245,-323,-318,-313,-318,-309,-253,-285,-299,-458,-468,-580,-580,-580,-422,-521,-519,-491,-466,-512,-511,-762,-652,-2530,-2147,-1829,-1546]} 1. d4 Nf6 2. c4 e6 3. g3 d5 4. Nf3 dxc4 5. Bg2 a6 6. O-O Nc6 7. e3 Bd7 {7...Rb8 is the fancy move.} 8. Qe2 b5 9. b3 {E04: Open Catalan: 5 Nf3.} cxb3 10. axb3 Be7 11. Bb2 {[%mdl 1024] White has compensation.White is slightly better.} O-O 12. Rc1 Nb4 13. Ne5 Nfd5 14. Na3 Be8 15. Nc2 {[#]} Ra7 $146 ({Predecessor:} 15... Nxc2 16. Qxc2 Ra7 17. Qd2 Bb4 18. Qe2 Be7 19. Qd2 Bb4 20. Qd1 Bd6 21. Nd3 a5 {½-½ (38) Schwenck,M (2533)-De Magalhaes,L (2540) ICCF email 2014}) 16. e4 Nxc2 17. Rxc2 Nb4 18. Rd2 f6 19. Ng4 a5 20. Ne3 Ra6 21. f4 (21. Bh3 $11) 21... Qb8 (21... c5 $17) 22. f5 $11 Bf7 23. Bh3 (23. Bf1 $11 {keeps the balance.}) 23... Re8 $17 24. Qg4 (24. Rf1 $17) 24... Bf8 $19 25. Bg2 (25. Qf4 {is a better defense.}) 25... a4 ({Black should play} 25... c5 $19 {White must now prevent ...cxd4.} 26. d5 exd5 27. Nxd5 Nxd5 28. exd5 Re3) 26. bxa4 $17 bxa4 27. Bf1 Ra5 28. fxe6 Bxe6 29. Qf3 Qa8 {And now ...a3 would win.} 30. d5 Bf7 {aiming for ...Bc5.} 31. Nc4 Bc5+ 32. Kh1 Ra6 33. Na3 (33. h4 $15) 33... Bg6 34. e5 $2 {[#] This move loses the game for White.} (34. Re1 $17) 34... fxe5 $19 35. Bxa6 (35. Qg4 $142) 35... Qxa6 36. Rc1 Rf8 37. Qe2 Qxe2 38. Rxe2 Nd3 39. Rxc5 Nxc5 40. Kg1 Nd3 41. Nc4 e4 {Hoping for ...Bh5.} 42. Ba3 Rb8 43. Nd2 Re8 44. h3 Re5 45. d6 cxd6 46. Bxd6 Rd5 47. Ba3 Rd4 48. Kf1 Kf7 49. Nb1 (49. h4 {is the only way for White.}) 49... Rc4 {Black is clearly winning.} 50. Ra2 e3 51. Re2 Nc1 52. Re1 Bd3+ (52... Bxb1 $2 53. Rxc1 Bd3+ 54. Ke1 $19) 53. Kg2 Be4+ (53... Bxb1 $2 54. Rxc1 Be4+ 55. Kf1 $19) 54. Kg1 Nb3 55. Bb2 {If White can now play Na3 this consolidates a bit.} Nd2 {[#] Strongly threatening ...Nf3+.} 56. Na3 Nf3+ 57. Kf1 Bd3+ {Weighted Error Value: White=0.51/Black=0.25} 0-1

[Event "Kazakhstan Cup Women 2020"]
[Site "Almaty"]
[Date "2020.12.14"]
[Round "5.5"]
[White "Dauletova, Gulmira"]
[Black "Balabayeva, Xeniya"]
[Result "0-1"]
[WhiteElo "2319"]
[BlackElo "2146"]
[Annotator "TA"]
[PlyCount "148"]
[EventDate "2020.12.01"]
[EventType "tourn"]
[EventCountry "KAZ"]
[SourceTitle "playchess.com"]
[Source "ChessBase"]
[SourceQuality "1"]

{[%evp 11,148,-1,28,12,20,11,11,15,0,-4,11,12,14,16,14,9,11,18,8,12,24,30,50,16,17,0,5,-37,0,-39,16,-48,39,7,19,0,0,0,43,0,28,22,15,0,154,156,243,12,26,25,98,91,156,0,0,0,0,0,341,324,537,132,138,0,35,11,188,16,0,0,80,-24,-30,-454,-479,-760,-725,-702,-77,-77,0,0,0,0,0,0,0,0,0,-80,0,0,0,0,0,-214,-216,-263,-219,-231,-327,-391,0,0,0,-254,-398,-341,-387,-379,-262,-356,-372,-318,-241,-297,-261,-469,-416,-624,-551,-29979,-29980,-29980,-29981,-29981,-29980,-29980,-1260,-29981,-29982,-29981,-29982,-29983,-811,-29977,-29977,-29976,-29976]} 1. e4 e6 2. d4 d5 3. e5 c5 4. c3 Nc6 5. Nf3 Qb6 6. a3 Nh6 7. b4 {C02: French: Advance Variation.} cxd4 8. b5 Na5 9. Bxh6 {The position is equal.} gxh6 10. cxd4 Bd7 11. Nbd2 Rc8 ({Don't go for} 11... Bxb5 $2 12. Rb1 $18) 12. a4 Bb4 13. Bd3 Bc3 {Hoping for ...Nb3!} 14. Rc1 Bxd4 15. Rxc8+ Bxc8 16. O-O {[#]} Bd7 $146 ({Predecessor:} 16... Bc5 17. Qc2 Bd7 18. Bxh7 Ke7 19. Bd3 Rc8 20. Qd1 a6 21. Qe2 axb5 22. axb5 Rg8 {0-1 (68) Starozhilov,L (2318)-Balabayeva,K (2146) chess.com INT 2020}) 17. Nb1 {[%mdl 1024] White has compensation.} Bc5 18. Nc3 Qc7 19. Qc1 Nb3 20. Qf4 {[#]} Rf8 (20... Bxf2+ $1 $15 {[%mdl 512]} 21. Rxf2 Qxc3) 21. Qxh6 (21. Ne2 $11) 21... Bd4 (21... Nd4 $15 22. Nxd4 Bxd4) 22. Nxd4 $14 Nxd4 23. Nd1 Qxe5 24. f4 Qc7 25. Nf2 Qc3 26. f5 Rg8 27. Qf4 Nb3 $2 (27... Nxf5 $6 28. Bxf5 exf5 29. Rc1 $16) (27... exf5 $11 28. Nd1 Qxd3 29. Qb8+ {[%mdl 64] Double Attack} Ke7 30. Qxg8 Be6 31. Qg5+ (31. Qxh7 $2 Ne2+ 32. Kf2 Qd2 $19) 31... Kd7) 28. Qb8+ $16 Bc8 (28... Qc8 $16 {was called for.} 29. Qxa7 Nd2) 29. fxe6 $2 (29. b6 $1 $18 {[%cal Rb6a7]} a6 30. Bxa6 $1 {[%mdl 576] Promotion}) 29... fxe6 $11 30. Qxa7 Nc5 (30... Ke7 $11) 31. Bxh7 Rg7 {[#]} (31... Rf8 $142) 32. Qa8 $2 ({White should try} 32. Bd3 $1 $16 {[%mdl 512]}) 32... Kd8 33. Bb1 Nb3 34. Nd3 {Black must now prevent Rf8+.} Qd4+ $2 {[%mdl 8192]} ({But not} 34... Qd2 35. Rf8+ Ke7 36. Rf2 $16) (34... Rc7 $11 35. Qa7 Nd2) 35. Kh1 $1 $18 {aiming for Rf8+.} Rg8 $2 {[#]} (35... Qe4 36. Rf2 Nd4) 36. Bc2 $2 (36. Qb8 $1 $18 {is the precise move to win.} Qg7 37. Qd6+ Bd7 38. Rf2) 36... Qc3 $16 37. Ne1 ({White has to play} 37. Bxb3 $16 Qxd3 38. Qa5+ (38. Rc1 Ke7 $14) 38... Ke8 39. Qe1 (39. Rc1 Bd7 $14)) 37... Nd4 (37... Nd2 $5 {[%cal Rd2f1]} 38. Rg1 Ke7 $11) 38. Bd3 {White wants to play Qa7.} Qc7 $2 (38... Nb3 $1 $11) 39. Nf3 $2 ({White must play} 39. a5 $1 $18) 39... Nxf3 $11 40. Rxf3 e5 (40... b6 $1 $11) 41. Bf1 (41. Rf2 $1 $16 {[%cal Rf2c2]} Qc1+ 42. Bf1) 41... e4 42. b6 $2 {[%mdl 8192] [#]} (42. Rf2 $1 $11 {and White has nothing to worry.}) 42... Qc1 $1 $19 {[%mdl 512]} 43. Rf7 (43. Qa5 $142 exf3 44. Qxd5+ Ke7 45. Qe4+ Kd6 46. Qxf3) 43... Ke8 44. Rf4 {[#]} Qxf4 $2 (44... Rg4 $1 $19 {[%cal Rg4f4] and Black stays clearly on top.} 45. Rf5 Ke7) 45. Qxc8+ {[%mdl 4096] Endgame [#] KQR-KQB} Ke7 (45... Kf7 $1 $17 {[%cal Rf4f1]} 46. Qxb7+ Kg6 47. Qc6+ Qf6 48. Qxf6+ Kxf6) 46. Qxb7+ $11 Ke6 {[%cal Rf4f1]} 47. Qc6+ Qd6 48. Qb5 Qd7 {Strongly threatening ...Qxb5.} 49. Qa6 (49. Qb3 $11 {remains equal.}) 49... Qc6 $17 50. a5 Ra8 (50... Rf8 $17 51. h3 Kd6) 51. Qe2 $11 Rxa5 52. Qb2 Ra8 53. g3 $2 (53. Qg7 $11) 53... Rb8 $19 54. Qg7 Rxb6 55. Bh3+ (55. h4 $142) 55... Kd6 56. Qf8+ Kc7 {And now ...Rb1+ would win.} 57. Qc8+ Kd6 58. Qf8+ Ke5 59. Qf4+ Kd4 {...Qc3 is the strong threat.} 60. Qd2+ Kc4 {Threatens to win with ...Rb1+.} 61. Qc2+ {Cut Off at move 61} Kb4 62. Qb2+ Ka4 63. Qa2+ Kb5 64. Qb3+ $2 (64. Kg2 {might work better.}) 64... Ka6 65. Qa3+ (65. Bf1+ $142 Kb7 66. Qd1) 65... Kb7 66. Bf5 Qf6 67. g4 Qe5 68. Qc1 e3 69. Qc8+ Ka7 {( -> ...e2)} 70. Qd7+ Rb7 71. Qa4+ Kb8 72. Qa5 Qd6 (72... Rb2 $142 73. Qd8+ Ka7 74. Qh4 Qc7 75. Bc2 Rxc2 76. g5 Qc3 77. Qa4+ Kb6 78. Qg4 Qe1+ 79. Qg1 Qe2 80. Qb1+ Kc5 81. Qxc2+ Qxc2 82. g6 Qf2 83. h3 e2 84. g7 e1=Q#) 73. Qe1 Rb2 {[%csl Gb2][%cal Rd6h2]} 74. Qh4 {[#]} Rxh2+ $1 {[%mdl 576] Promotion. Both players deserved the win here.  Weighted Error Value: White=0.48/Black=0.61} 0-1

[Event "Kazakhstan Cup Women 2020"]
[Site "Almaty"]
[Date "2020.12.15"]
[Round "6.1"]
[White "Abdumalik, Zhansaya"]
[Black "Dauletova, Gulmira"]
[Result "1/2-1/2"]
[WhiteElo "2478"]
[BlackElo "2319"]
[Annotator "TA"]
[PlyCount "59"]
[EventDate "2020.12.01"]
[EventType "tourn"]
[EventCountry "KAZ"]
[SourceTitle "playchess.com"]
[Source "ChessBase"]
[SourceQuality "1"]

{[%evp 11,59,6,8,13,32,12,20,-21,13,-10,-12,-21,-10,-16,-13,-45,-9,-20,-15,-65,-39,-53,-4,-32,16,16,36,37,24,0,0,0,0,-2,12,-6,0,-52,-44,-39,-35,-42,-26,-24,0,-50,0,-8,0,-40]} 1. d4 Nf6 2. c4 e6 3. g3 d5 4. Bg2 dxc4 5. Qa4+ Nbd7 6. Qxc4 a6 7. Qc2 {7.Be3 is the fancy move. E03: Open Catalan: 5 Qa4+ Nbd7 6 Qxc4.} Rb8 {[#]} 8. a4 $146 ({Predecessor:} 8. Nf3 b5 9. a4 Bb7 10. axb5 axb5 11. Nc3 b4 12. Na4 Bd6 13. Bg5 O-O 14. O-O h6 15. Bxf6 Qxf6 {½-½ (26) Tkachiev,V (2642)-Naiditsch,A (2689) Moscow 2009}) 8... b6 9. Nc3 Bb7 10. Nf3 c5 11. dxc5 Bxc5 12. O-O Rc8 13. Qd3 Nb8 14. Qb1 h6 15. e4 Nbd7 16. Qd3 Ng4 17. Bf4 e5 (17... g5 $5 {[%cal Rg5f4]} 18. Bd2 Nde5 19. Nxe5 Nxe5 $15) 18. Bd2 Ngf6 19. Rad1 O-O 20. Qe2 Qc7 21. Rc1 Qb8 22. Nh4 Rfe8 23. Nf5 Bf8 24. g4 (24. Be3 $11) 24... Nc5 $15 25. g5 hxg5 26. Bxg5 Nh7 27. Be3 Nf6 {[%cal Rc5e4]} 28. Bg5 {[#] Threatens to win with Bxf6.} Nh7 29. Be3 Nf6 {[%cal Rc5e4]} 30. Bg5 {Weighted Error Value: White=0.12/Black=0.14} 1/2-1/2

[Event "Kazakhstan Cup Women 2020"]
[Site "Almaty"]
[Date "2020.12.15"]
[Round "6.2"]
[White "Nakhbayeva, Guliskhan"]
[Black "Balabayeva, Xeniya"]
[Result "1-0"]
[WhiteElo "2328"]
[BlackElo "2146"]
[Annotator "TA"]
[PlyCount "69"]
[EventDate "2020.12.01"]
[EventType "tourn"]
[EventCountry "KAZ"]
[SourceTitle "playchess.com"]
[Source "ChessBase"]
[SourceQuality "1"]

{[%evp 17,69,22,21,12,20,0,17,0,16,16,25,25,34,20,22,20,13,14,20,23,10,13,47,21,50,45,109,105,100,91,80,19,20,18,21,0,53,47,51,58,63,68,168,176,787,789,743,755,708,704,1224,1230,1137,1088]} 1. d4 Nf6 2. c4 e6 3. Nc3 Bb4 4. e3 O-O 5. Bd3 d5 6. Nf3 dxc4 7. Bxc4 c5 8. O-O Bd7 9. a3 Ba5 10. Qe2 {E54: Nimzo-Indian: Rubinstein: Main Line: 7...dxc4 8 Bxc4.} Bc6 11. Ne5 Qe7 {[#]} 12. Bd2 $146 {The position is equal.} ({Predecessor:} 12. f4 g6 13. Bd2 cxd4 14. exd4 Bb6 15. Be3 Nbd7 16. Rad1 Rad8 17. Bf2 Nh5 18. Nxc6 bxc6 {1-0 (26) Toikkanen,V (2089)-Nieminen,K (2140) Finland 2012}) 12... Rd8 13. Nxc6 Nxc6 14. dxc5 Ne5 15. Ba2 Qxc5 16. b4 Qd6 17. Rfd1 Bb6 18. Na4 Bc7 19. Bc3 Qc6 20. b5 Qe4 21. Nc5 Qh4 {[#]} ({Black should play} 21... Qf5 $1 $14) 22. h3 $1 $16 ({Much weaker is} 22. Nxb7 $6 Rxd1+ 23. Rxd1 Neg4 $11) 22... Ne4 23. Nxe4 Qxe4 24. f3 (24. Rac1 $16) 24... Qh4 25. f4 Ng6 26. Qf3 Bb6 (26... Rxd1+ $11 27. Rxd1 Rd8) 27. f5 $14 exf5 28. Qxf5 Qe7 29. Kh1 Nf8 {[#]} ({Better is} 29... Rxd1+ $14 30. Rxd1 Rd8) 30. Rf1 $1 $40 {[%cal Rf5f7][%mdl 128] White attacks with force.} Rd7 $2 {[#]} (30... Ne6 31. Bb1 Nf8) 31. Qxf7+ $1 {[%mdl 512] White is clearly winning.} Qxf7 32. Rxf7 Rxf7 33. Rf1 $1 {[%cal Rf1f7][%mdl 64] Pin} h5 34. Rxf7 Kh7 35. Bb1+ {Weighted Error Value: White=0.09/Black=0.22} 1-0